LDR 00899naa#a2200193#i#450# 001 EN\\bibl\120287 005 20260417003650.5 011 ## _a1819-4036 100 ## _a20210331b2021####ek#y0engy0150####ca 102 ## _aRU 200 1# _aAPPLICATION OF CONIFEROUS CEDAR DISTILLATE IN SOFT DRINKS RECIPES _eJournal article 210 1# _aKrasnoyarsk _cKrasnoyarsk State Agrarian University _d2021 215 ## _a5 с. 608 ## _aJournal article _2local 675 ## _aМикробиологические производства. Бродильные производства. Производство напитков (алкогольных, слабоалкогольных и безалкогольных). Производство вкусовых продуктов. 663 _z 700 #1 _aRygalova _gElizaveta A. 700 #1 _aSharoglazova _gLidia P. 700 #1 _aVelichko _gNadezhda Aleksandrovna 856 4# _avestnik.kgau.ru _u